Využitie Programu podpory domáceho cestovného ruchu vo vybranom regióne SR diplomová práca

Na minha lista:
Detalhes bibliográficos
Autor principal: Szabóová, Veronika
Autor Corporativo: Obchodná fakulta EU. Katedra služieb a cestovného ruchu - zrušené
Outros Autores: Pachingerová, Mária
Formato: Livro
Idioma:eslovaco
Publicado em: Bratislava 2013
Tags: Adicionar Tag
Sem tags, seja o primeiro a adicionar uma tag!

MARC

LEADER 00000nbm a2200000 4500
001 0169549
005 20161109102311.4
041 0 |a slo 
044 |a SK 
245 1 0 |a Využitie Programu podpory domáceho cestovného ruchu vo vybranom regióne SR  |b diplomová práca  |c Veronika Szabóová ; školiteľ: Mária Pachingerová 
264 1 |a Bratislava  |c 2013 
300 |a 84 s. 
100 1 |a Szabóová, Veronika 
700 1 |a Pachingerová, Mária 
710 2 |a Obchodná fakulta EU. Katedra služieb a cestovného ruchu - zrušené